000 00419nam a2200145 i 4500
001 86532
003 ES-MaACL
007 t|
008 041213s1962 sp ||||1| spa d
100 1 _aKey, V. O.
_967974
245 1 0 _aPolítica, partidos y grupos de presión /
_cV.O. Key.
260 _aMadrid :
_bInstituto de Estudios Políticos,
_c1962.
300 _aXVI, 1093 p. ;
_c24 cm.
852 _aES-MaACL
_jE-7813
_bR.92173
999 _c86532
_d86532